Matemática activa 3º medio: texto del profesor

Збережено в:
Бібліографічні деталі
Автори: Bamón Cabrera, Rodrigo (Автор), González González, Patricio (Автор), Soto Andrade, Jorge (Автор)
Інші автори: Medina, Carmen Gloria (autora)
Формат: Книга
Мова:Іспанська
Опубліковано: Santiago Mare Nostrum 2001
Предмети:
Теги: Додати тег
Немає тегів, Будьте першим, хто поставить тег для цього запису!

MARC

LEADER 00000nam a2200000 a 4500
001 UCN8191
003 CL-VaPUC
008 011109e20010100CL |||||||||||||||||spa|d
020 |a 8495509032 
082 0 4 |a 510.712  |b BAM  |2 21 
100 0 |a Bamón Cabrera, Rodrigo  |e author  |9 464420 
700 |a González González, Patricio  |e author  |9 569793 
700 0 |a Soto Andrade, Jorge  |e author  |9 464422 
700 |a Medina, Carmen Gloria  |e autora  |9 520662 
245 1 0 |a Matemática activa 3º medio: texto del profesor 
300 |a 304 p 
942 |c BK 
945 |d 20011109 00:00:00  |a cmena 
260 |a Santiago  |b Mare Nostrum  |c 2001 
650 0 |a Matemáticas  |x Enseñanza  |9 875527 
650 0 |a Libros de texto  |9 270019 
650 0 |a Métodos de enseñanza  |9 270413 
583 |a last modification  |c 20170821 03:32:55  |k Rodrigo Vera 
999 |c 298220  |d 298218 
952 |0 0  |1 0  |4 0  |6 510_712000000000000_BAM_2001  |7 0  |8 A  |9 353664  |a BIBMAT  |b BIBMAT  |c E_DIDACT  |d 2019-11-21  |i 3823644  |o 510.712 BAM 2001  |p 3823644  |r 2025-01-07  |w 2019-11-21  |y BK  |k MAT 
952 |0 0  |1 0  |4 0  |6 510_712000000000000_BAM_2001  |7 0  |8 P  |9 353665  |a BIBEDU  |b BIBEDU  |d 2019-11-21  |i 3942864  |o 510.712 BAM 2001  |p 3942864  |r 2019-11-21  |w 2019-11-21  |y BK  |k EBA 
952 |0 0  |1 0  |4 0  |6 510_712000000000000_BAM_2001  |7 0  |8 P  |9 353666  |a BIBEDU  |b BIBEDU  |d 2019-11-21  |i 3942899  |o 510.712 BAM 2001  |p 3942899  |r 2019-11-21  |w 2019-11-21  |y BK  |k EBA 
952 |0 0  |1 0  |4 0  |6 510_712000000000000_BAM_2001  |7 0  |8 P  |9 353667  |a BIBEDU  |b BIBEDU  |d 2019-11-21  |i 3942902  |o 510.712 BAM 2001  |p 3942902  |r 2019-11-21  |w 2019-11-21  |y BK  |k EBA 
952 |0 0  |1 0  |4 0  |6 510_712000000000000_BAM_2001  |7 0  |8 P  |9 353668  |a BIBEDU  |b BIBEDU  |d 2019-11-21  |i 3942929  |o 510.712 BAM 2001  |p 3942929  |r 2019-11-21  |w 2019-11-21  |y BK  |k EBA 
952 |0 0  |1 0  |4 0  |6 510_712000000000000_BAM_2001  |7 0  |8 P  |9 353669  |a BIBEDU  |b BIBEDU  |d 2019-11-21  |i 3942945  |o 510.712 BAM 2001  |p 3942945  |r 2019-11-21  |w 2019-11-21  |y BK  |k EBA 
952 |0 0  |1 0  |4 0  |6 510_712000000000000_BAM_2001  |7 0  |8 A  |9 353673  |a BIBMAT  |b BIBMAT  |c E_DIDACT  |d 2019-11-21  |i 4053907  |o 510.712 BAM 2001  |p 4053907  |r 2025-01-07  |w 2019-11-21  |y BK  |k MAT